| 000 | 00507nam a22001817a 4500 | ||
|---|---|---|---|
| 005 | 20251001150743.0 | ||
| 008 | 251001b |||||||| |||| 00| 0 eng d | ||
| 020 | _a9966 846 16 6 | ||
| 050 | _aLA1501 .S54 1992 | ||
| 100 | _aSIFUNA,DANIEL N, | ||
| 245 | _aAN INTRODUCTION TO HISTORY OF EDUCATION | ||
| 260 |
_aNAIROBI UNIVERSITY PRESS _bNAIROBI UNIVERSITY _c1992 |
||
| 300 | _a250P | ||
| 500 | _aINCLUDING BIBLIOGRAPHY | ||
| 650 | _a Education--History | ||
| 700 | _aOTIENDE, J.E | ||
| 942 |
_2lcc _cBK |
||
| 999 |
_c216132 _d216132 |
||